书目信息 |
| 题名: |
萧乾回忆录
|
|
| 作者: | 萧乾, 著 | |
| 分册: | ||
| 出版信息: | 北京 工人出版社 2005.06 |
|
| 页数: | 523页 | |
| 开本: | 24cm | |
| 丛书名: | 风雨岁月丛书 | |
| 单 册: | ||
| 中图分类: | K825.6 | |
| 科图分类: | ||
| 主题词: | 作家--zuo jia--中国--当代--回忆录 | |
| 电子资源: | ||
| ISBN: | 7-5008-3463-2 | |
| 000 | 00899nam 2200265 450 | |
| 001 | 012007485854 | |
| 005 | 20070930100949.62 | |
| 010 | @a7-5008-3463-2@dCNY38.00 | |
| 100 | @a20070810d2005 km y0chiy0120 ea | |
| 101 | 0 | @achi |
| 102 | @aCN@b110000 | |
| 105 | @aac a 000ya | |
| 200 | 1 | @a萧乾回忆录@Axiao qian hui yi lu@f萧乾著@Fxiao qian zhu |
| 210 | @a北京@c工人出版社@d2005.06 | |
| 215 | @a523页@c图, 肖像@d24cm | |
| 225 | 2 | @a风雨岁月丛书@Afeng yu sui yue cong shu |
| 320 | @a有书目。 | |
| 330 | @a本书为著名作家、翻译家和记者萧乾的回忆录,阐述了他一生的足迹以及在文学创作上的艰辛,分别从生活和文学两个方面介绍了萧乾的生平事迹。 | |
| 410 | 0 | @12001 @a风雨岁月丛书 |
| 600 | 0 | @a萧乾,@Axiao qian@f1910-1999@x回忆录 |
| 606 | 0 | @a作家@Azuo jia@y中国@z当代@x回忆录 |
| 690 | @aK825.6@v4 | |
| 701 | 0 | @a萧乾,@Axiao qian@f1910-1999@4著 |
| 801 | 0 | @aCN@c20070930 |
| 905 | @dK825.6@eX334 | |
| 萧乾回忆录/萧乾著.-北京:工人出版社,2005.06 |
| 523页:图, 肖像;24cm.-(风雨岁月丛书) |
| ISBN 7-5008-3463-2:CNY38.00 |
| 本书为著名作家、翻译家和记者萧乾的回忆录,阐述了他一生的足迹以及在文学创作上的艰辛,分别从生活和文学两个方面介绍了萧乾的生平事迹。 |
| ● |
| 相关链接 |
|
|
|
正题名:萧乾回忆录
索取号:K825.6/X334
 
预约/预借
| 序号 | 登录号 | 条形码 | 馆藏地/架位号 | 状态 | 备注 |
| 1 | 257241 | 202572411 | 社科库309/309社科库 52排6列1层/ [索取号:K825.6/X334] | 在馆 | |
| 2 | 257242 | 202572420 | 社科库309/309社科库 52排6列1层/ [索取号:K825.6/X334] | 在馆 | |
| 3 | 257243 | 202572439 | 社科库309/309社科库 5排4列4层/ [索取号:K825.6/X334] | 在馆 |